| 000 | 01025nam a22002777a 4500 | ||
|---|---|---|---|
| 003 | OSt | ||
| 005 | 20250403125235.0 | ||
| 008 | 250403b |||||||| |||| 00| 0 eng d | ||
| 020 | _a9781558608740 (hardcover) | ||
| 040 |
_aNUST _beng _cNUST _dNUST _erda |
||
| 050 | _aQA76.76.D47 SLO | ||
| 100 |
_aSloss, Andrew N _eAuthor |
||
| 245 |
_aARM system developer's guide : _bdesigning and optimizing system software / _cAndrew N Sloss, Dominic Symes and Chris Wright. |
||
| 260 |
_aSan Francisco, CA : _bElsevier, _c2004. |
||
| 300 |
_axiii, 689 pages : _bIllustrations ; _c25 cm. |
||
| 336 |
_2rdamedia _atext _btxt |
||
| 337 |
_2rdamedia _aunmediated _bn |
||
| 338 |
_2rdamedia _avolume _bnc |
||
| 504 | _aIncludes bibliographical references and index. | ||
| 650 | _vComputer software -- Development. | ||
| 650 | _vRISC microprocessors. | ||
| 650 | _vComputer architecture. | ||
| 700 |
_aSymes, Dominic _eAuthor |
||
| 700 |
_aWright, Chris _eAuthor |
||
| 942 |
_2lcc _cBOOKS _hQA76.76.D47 SLO _kQA _mSLO _n0 |
||
| 999 |
_c171549 _d171549 |
||